| 000 | 00781nam a2200253 a 4500 | ||
|---|---|---|---|
| 001 | 000108339 | ||
| 003 | CHAP | ||
| 005 | 20220329144008.0 | ||
| 008 | 140129s2013 mx a |r| |||||||spa|d | ||
| 010 | _a104801 | ||
| 011 | _a105773 | ||
| 020 | _a9786071203014 | ||
| 040 | _cCHAP | ||
| 082 | 0 | 4 |
_a633.85 _bM29 |
| 245 | 0 | 0 |
_aManual gráfico para la descripción varietal de la higuerilla (Ricinus communis L.) / _cpor Ma. Antonieta Goytia Jiménez ...[et al.]. |
| 260 | 3 |
_aChapingo, Méx. : _bUniversidad Autónoma Chapingo, _c2013. |
|
| 300 |
_a79 p. : _bil. |
||
| 590 |
_aE792CSJ _b05 _c20140129 _lUCH01 _h1453 |
||
| 650 | 1 | 4 |
_aHiguerilla _xMejoramiento genético. _9125298 |
| 700 | 1 |
_aGoytia Jiménez, Ma. Antonieta _950145 |
|
| 901 | _aBK | ||
| 942 | _cLIBRO | ||
| 942 | _n0 | ||
| 999 |
_c104801 _d104801 |
||